Source book on assessment for classes, 1-5: Arts education (Record no. 1398874)

MARC details
000 -LEADER
fixed length control field 00665nam a2200217Ia 4500
005 - DATE AND TIME OF LATEST TRANSACTION
control field 20250508170037.0
008 - FIXED-LENGTH DATA ELEMENTS--GENERAL INFORMATION
fixed length control field 008 250505s9999 xx 000 0 eng d
020 ## - INTERNATIONAL STANDARD BOOK NUMBER
International Standard Book Number 978-81-7450-853-9
037 ## - SOURCE OF ACQUISITION
Stock number Textual
040 ## - CATALOGING SOURCE
Original cataloging agency FEDL
Language of cataloging eng
Transcribing agency FEDL
041 ## - LANGUAGE CODE
Language code of text/sound track or separate title eng
Source of code eng
084 ## - COLON CLASSIFICATION NUMBER
Classification number 707, NCE
Assigning agency FEDL
245 #0 - TITLE STATEMENT
Title Source book on assessment for classes, 1-5: Arts education
245 #0 - TITLE STATEMENT
Statement of responsibility, etc. NCERT (New Delhi India)
260 ## - PUBLICATION, DISTRIBUTION, ETC.
Place of publication, distribution, etc. New Delhi, India
Name of publisher, distributor, etc. National Council of Educational Research and Training
Date of publication, distribution, etc. 2008
300 ## - PHYSICAL DESCRIPTION
Extent 57p.
365 ## - TRADE PRICE
Price type code INR
Price amount 645
546 ## - LANGUAGE NOTE
Language note Gifted by Prof. Anita Rampal
942 ## - ADDED ENTRY ELEMENTS (KOHA)
Koha item type Textual
Classification part 707, NCE
Holdings
Withdrawn status Lost status Damaged status Not for loan Home library Current library Date acquired Cost, normal purchase price Total Checkouts Full call number Barcode Date last seen Price effective from Koha item type
        Department of Education Library Department of Education Library 2025-05-08 645.00   707, NCE EL0092536 2025-05-08 2025-05-08 Textual
Copyright @ Delhi University Library System